| 000 | 01724cam a2200385 i 4500 | ||
|---|---|---|---|
| 001 | 15750273 | ||
| 003 | EG-ScBUE | ||
| 005 | 20240404130743.0 | ||
| 008 | 090526s2010 enk f b 001 0 eng d | ||
| 020 | _a9780521199551 | ||
| 020 | _a9780521136235 (pbk.) | ||
| 040 |
_aDLC _beng _erda _cDLC _dDLC _dEG-ScBUE |
||
| 043 | _aa-tu--- | ||
| 082 | 0 | 4 |
_a949.618015 _222 _bBOY |
| 100 | 1 |
_aBoyar, Ebru, _eauthor. _915627 |
|
| 245 | 1 | 2 |
_aA social history of Ottoman Istanbul / _cEbru Boyar, Kate Fleet. |
| 264 | 1 |
_aCambridge : _bCambridge University Press, _c2010. |
|
| 300 |
_a354 pages ; _c24 cm |
||
| 336 |
_2rdacontent _atext _btxt |
||
| 337 |
_aunmediated _2rdamedia _bn |
||
| 338 |
_avolume _bnc _2rdacarrier |
||
| 504 | _aIncludes bibliographical references and index. | ||
| 505 | 0 | _aIntroduction -- Conquest -- The palace and the populace -- Fear and death -- Welfare -- The consuming city -- Outings and excursions -- The Hamam -- The nineteenth century -- Beyond the city -- Chronology -- Who's who. | |
| 651 | 7 |
_aIstanbul (Turkey) _xHistory. _2BUEsh _915628 |
|
| 651 | 7 |
_aIstanbul (Turkey) _xSocial conditions. _2BUEsh _915629 |
|
| 651 | 7 |
_aHistory _yOttoman Empire, 1288-1918. _2BUEsh _915630 |
|
| 655 | _vReading book | ||
| 700 | 1 |
_aFleet, Kate, _eauthor. _915631 |
|
| 856 | 4 | 2 |
_3Contributor biographical information _uhttp://www.loc.gov/catdir/enhancements/fy0913/2009021482-b.html |
| 856 | 4 | 2 |
_3Publisher description _uhttp://www.loc.gov/catdir/enhancements/fy0913/2009021482-d.html |
| 856 | 4 | 1 |
_3Table of contents only _uhttp://www.loc.gov/catdir/enhancements/fy0913/2009021482-t.html |
| 942 |
_2ddc _cBB |
||
| 999 |
_c14322 _d14322 |
||